El arte dramático aplicado a la educación : aprendizaje real en mundos imaginarios /

保存先:
書誌詳細
第一著者: Baldwin, Patrice (autor)
フォーマット: 図書
言語:スペイン語
出版事項: Madrid, España : Morata, 2014, c2014
主題:
タグ: タグ追加
タグなし, このレコードへの初めてのタグを付けませんか!

MARC

LEADER 00000nam^a2200000^a^4500
001 000399586
005 20250521000000.0
009 20260310121555.95
020 |a 978-84-7112-726-6 
037 |a Acervo ITESO - Biblioteca 
041 |a ESP 
082 |a 371. 332  |b BAL 
100 |a Baldwin, Patrice  |e (autor) 
245 1 3 |a El arte dramático aplicado a la educación :  |b aprendizaje real en mundos imaginarios /  |c P. Baldwin ; pról. de Jonothan Neelands ; tr. por Elena Gómez Gómez-Martinho. 
264 4 |a Madrid, España :  |b Morata,  |c 2014, c2014 
300 |a 246 p. 
336 |a texto  |b txt  |2 rdacontenido 
337 |a sin mediación  |b n  |2 rdamedio 
338 |a volumen  |b nc  |2 rdasoporte 
500 |a Traducción de: With Drama in Mind: Real Learning in Imagined Worlds 
521 |a FIL 2017 EEnlace Centro de Promoción Cultural 
649 |a XX 
650 |a Teatro -  |z Gran Bretaña -  |x Estudio y Enseñanza 
650 |a Teatro -  |x Estudio y Enseñanza -  |x Tema Principal 
650 |a Artes Escénicas -  |x Estudio y Enseñanza 
650 |a Arte -  |x Estudio y Enseñanza 
650 |a Apoyos Didácticos -  |x Tema Principal 
650 |a Metodología Educativa 
650 |a Proceso Educativo 
650 |a Educación Preescolar -  |z Gran Bretaña 
650 |a Educación Primaria -  |z Gran Bretaña 
650 |a Educación Media Básica -  |z Gran Bretaña 
910 |a Fondo General 
920 |a Impresos - Libros 
930 |a Colección General 
905 |a 101 
901 |a 0500294642  |b IT1  |c ACC  |i c158226  |u 20250521 
902 |a https://opac.biblio.iteso.mx/vufind/Record/000399586